| 000 | 00885nam a2200265 a 4500 | ||
|---|---|---|---|
| 001 | BRCA_8415 | ||
| 005 | 20190320210254.0 | ||
| 008 | 010715s2015----sp-a######---#000-0#spa-# | ||
| 020 | _a9788415272465 | ||
| 041 | _aspa | ||
| 044 | _asp | ||
| 050 | 4 |
_aTX740 _b.C37 2015 |
|
| 100 | 1 |
_aCapella, Juli _921071 |
|
| 245 | 1 | 0 |
_aTapas _bSpanish Design for Food _cJuli Capella ; textos de Ferran Adriá y Pau Arenós. |
| 260 |
_a[España] _bAcción Cultural Española _c2015 |
||
| 300 |
_a215 p. _bil. a color _c31 cm. |
||
| 500 | _aCatálogo de la exposición realizada en el Museo Franz Mayer (Ciudad de México), 16 mayo - 19 julio, 2015 | ||
| 546 | _aTexto en : español e inglés | ||
| 650 | 1 | 4 |
_aCocina española _921072 |
| 650 | 1 | 4 |
_aDiseño español _921073 |
| 650 | 1 | 4 |
_aGastronomía _921074 |
| 700 | 1 |
_aAdriá, Ferran _921075 |
|
| 700 | 1 |
_aArenós, Pau _921076 |
|
| 942 |
_2lcc _cB |
||
| 999 |
_c8083 _d8083 |
||